00605 2200217 4500001002100000005001500021035002000036007000300056008004100059020002200100082001000122084001600132100002500148245005700173260005200230300003600282650001400318650001500332990002000347990002000367INLIS00000000000301120260513073724 a0010-0526000102ta260513 f 0 ind  a978-602-5717-62-8 a361.2 a361.2 ISM t1 aIsmael, Yopy Imenuel1 aTeknik dan Strategi Penyuluhan Pertanian Era Kreatif aBandung :bManggu Makmur Tanjung Lestari,c2019 ax + 228 hlm. ;c14.5 x 20.5 cm. 4aPertanian 4aPenyuluhan a20260515.01.004 a20260515.01.005